000 00607nam a2200205Ia 4500
999 _c9698
_d9698
001 7973826
003 OSt
005 20210121164723.0
008 811203r19811743miua 000 0 eng d
020 _a0801042461
040 _aIDI
_cIDI
_dJCU
090 _aBX7233
_b.H65 1981
100 1 _aHooker, Thomas,
_d1586-1647.
245 1 4 _aThe poor doubting Christian drawn to Christ /
_cThomas Hooker.
260 _aGrand Rapids :
_bBaker Book House,
_c1981.
300 _a165 p. :
_bill. ;
_c18 cm.
500 _aReprint of the 1743 edition.
650 0 _aChristian life
_xCongregational authors.
942 _2ddc
_cBK